000 00730nam a22002417a 4500
005 20130527111644.0
010 _aENG-107246
020 _a9781259064951
_c295.00
020 _a1259064956
_c295.00
035 _aEN-90779
037 _bDBAD/PUB
082 _a536.7
100 _aMoore, Thomas A.
245 _aSix ideas that shaped physics /
_cby Thomas A. Moore
250 _a2nd ed
260 _aNew Delhi
_btata McGraw Hill
_c2013
270 _aP-24, Green Park Park, Extention
_bNew Delhi
_e110095
300 _axviii, 185p.:
_bill.
_c28cm(pbk)
500 _aIncludes index
505 _aunit T : some processes are irreversible
650 _aIrreversible processes.
942 _2ddc
_cEN
_h536.7
_mMOO
999 _c75868
_d75868